Kto bol kto v hospodárstve SR - 1996

Saved in:
Bibliographic Details
Format: Book
Language:Slovak
Published: Bratislava Trendy 1997
Edition:1. vyd.
Subjects:
Tags: Add Tag
No Tags, Be the first to tag this record!

MARC

LEADER 00000nam a2200000 4500
001 c020176
005 20231113111652.5
020 |a 80-901157-4-8 
041 0 |a slo 
044 |a SK 
245 1 0 |a Kto bol kto v hospodárstve SR - 1996  |c Hl. red. Andrej Tušer 
250 |a 1. vyd. 
264 1 |a Bratislava  |b Trendy  |c 1997 
300 |a 153 s. 
610 2 0 |a hospodárstvo národné 
610 2 0 |a biografia 
610 2 0 |a Slovensko